00894cam a2200241u 450000100060000000300080000600500170001400800410003103500190007204000330009104100080012408200200013224501270015226000340027930000360031350400190034960000550036870000340042370000260045794200120048399900170049595201400051217870BD-RjUL20211209000214.0140219s1965 nyuc 001 1 eng d a(BD-RjUL)17928 aDLCcCarPdDLCdBD-RjULbeng aeng00a821.9bINE 196510aIn excited reverie :ba centenary tribute to William Butler Yeats, 1865-1939 /cEd. by A. Norman Jeffares and K.G.W. Cross aNew York :bMacmillan,c1965. aviii, 353 p. :bport. ;c23 cm. aIncludes Index10aYeats, W. B.q(William Butler),d1865-1939.9551511 aJeffares , A. Norman 9551481 a Cross, K.G.W.955149 2ddccBK c17870d17870 00102ddc40718FICaRUCLbRUCLcReadingd1970-08-19eZeithlinger.g70.00l0o821.9 INE 1965r2014-02-19 00:00:00tC-1w2014-02-19yBK